Statistics for NBA Slam Dunk Contest Winners

Click here to take the quiz!

General Stats

  • This quiz has been taken 46,886 times
    (4,167 since last reset)
  • The average score is 13 of 27

Answer Stats

Wins Player % Correct
1987, 1988Michael Jordan
88%
2018Donovan Mitchell
82%
2015, 2016Zach LaVine
81%
2000Vince Carter
78%
2006, 2009, 2010Nate Robinson
73%
2008Dwight Howard
72%
2017Glenn Robinson III
72%
2011Blake Griffin
71%
2014John Wall
68%
2019Hamidou Diallo
65%
1985, 1990Dominique Wilkins
63%
1997Kobe Bryant
63%
1986Spud Webb
51%
2002, 2003Jason Richardson
44%
2013Terrence Ross
42%
2007Gerald Green
42%
2005Josh Smith
38%
1984Larry Nance
27%
2012Jeremy Evans
23%
1996Brent Barry
20%
1991Dee Brown
20%
2004Fred Jones
18%
1993, 1995Harold Miner
15%
1994Isaiah Rider
14%
2001Desmond Mason
14%
1989Kenny Walker
13%
1992Cedric Ceballos
13%

Score Distribution

Percentile by Number Answered

Percent of People with Each Score

Your Score History

You have not taken this quiz since the last reset